E-business in European small and medium sized enterprises

Potreba zavedenia a dôležitosť e-biznis aktivít a tiež vplyv internetu a informačných a komunikačných technológií bez ohľadu na veľkosť podnikov a lokálne umiestnenie odnikov.

Salvato in:
Dettagli Bibliografici
Autore principale: Szivósová, Mária, 1958-
Natura: Capitolo di libro
Lingua:inglese
Soggetti:
Tags: Aggiungi Tag
Nessun Tag, puoi essere il primo ad aggiungerne!!

MARC

LEADER 00000naa a2200000 4500
001 0172153
005 20240502072943.1
041 0 |a eng 
044 |a SK 
245 1 0 |a E-business in European small and medium sized enterprises  |c Mária Szivósová 
520 |a Potreba zavedenia a dôležitosť e-biznis aktivít a tiež vplyv internetu a informačných a komunikačných technológií bez ohľadu na veľkosť podnikov a lokálne umiestnenie odnikov. 
610 2 0 |a technológie informačné 
610 2 0 |a technológie komunikačné 
610 2 0 |a internet 
610 2 0 |a podnik malý 
610 2 0 |a podnik stredný 
610 2 0 |a podnikanie elektronické 
100 1 |a Szivósová, Mária, 1958-